000 00525nam a2200205Ia 4500
003 IIN
005 20250521125018.0
008 231217s9999 xx 000 0 und d
020 _cRs.600.00
_a9789382219170
040 _aIIN
_bEnglish
082 _a611.7343
_bPAR
100 1 _aPark, K
245 1 _aEssentials of Community Health Nursing/
_cK. Park
250 _a8th ed
260 _aJabalpur
_bBhanot
_c2021
300 _a[3], 1-569p.
500 _aIncludes Index
650 1 _aCommunity Health Nursing
942 _cBOOK
999 _c1065
_d1065